[Event "SCCF State Championship"]
[Site "Los Angeles USA"]
[Date "2010.08.14"]
[Round "2"]
[White "Kavutskiy,K"]
[Black "Taylor,T"]
[Result "1/2-1/2"]
[WhiteElo "2156"]
[BlackElo "2327"]

1.d4 d5 2.c4 Nc6 3.cxd5 Qxd5 4.e3 e5 5.Nc3 Bb4 6.Bd2 Bxc3 7.Bxc3 exd4 8.Ne2 Nf6
9.Nxd4 O-O 10.Nb5 Qg5 11.Qf3 Bf5 12.Nd4 Bg4 13.h4 Qh5 14.Qf4 Nd5 15.Qg5 Nxc3
16.bxc3 Ne5 17.f3 Qxg5 18.hxg5 Bd7 19.Be2 c5 20.Nb3 b6 21.O-O Rad8 22.Rfe1 Ba4
23.f4 Ng6 24.Rad1 Rfe8 25.Kf2 Kf8 26.g3 Ne7 27.e4 Nc6 28.Rxd8 Rxd8 29.Ke3 g6
30.Rb1 Ke7 31.Rh1 Rh8 32.Bc4 f6 33.gxf6+ Kxf6 34.Nd2 Kg7 35.e5 Rd8 36.Ne4 Na5
37.Be2 Bc6 38.Ra1 Bxe4 39.Kxe4 Rd2 40.Ke3 Rc2 41.Kd3 Rb2 42.Ke3 c4 43.Rd1 Rxa2
44.Rd7+ Kf8 45.Rxa7 Kg8 46.Ra8+  1/2-1/2

[Event "e2e4 Autumn Challengers E"]
[Site "Uxbridge ENG"]
[Date "2010.08.15"]
[Round "8"]
[White "Bailey,K"]
[Black "Keogh,E"]
[Result "0-1"]
[WhiteElo "2047"]
[BlackElo "2047"]

1.d4 d5 2.c4 Nc6 3.Nc3 Nf6 4.Nf3 dxc4 5.Bg5 h6 6.Bxf6 exf6 7.e3 a6 8.Bxc4 Bd6
9.O-O O-O 10.Qc2 f5 11.a3 Ne7 12.Rad1 Ng6 13.g3 b5 14.Bd5 Rb8 15.Ne1 Rb6
16.Bg2 a5 17.Nd5 Ra6 18.Nd3 Ne7 19.Nxe7+ Qxe7 20.Nc5 Rb6 21.b4 axb4 22.axb4 h5
23.Rfe1 h4 24.Qd2 Be6 25.Ra1 Bc4 26.Ra3 Re8 27.Rea1 Rbb8 28.Bc6 Red8 29.Qc2 Qg5
30.Re1 g6 31.e4 f4 32.e5 Bxc5 33.dxc5 fxg3 34.hxg3 Rd2 35.Qe4 h3 36.Qf3 Kg7
37.Ra8 Rxa8 38.Bxa8 Rb2 39.Qc3 Rb3 40.Qc1 Qxc1 41.Rxc1 Rxb4 42.Rc2 Be6 43.Kh2 Rc4
44.Rxc4 bxc4  0-1

[Event "6th Geller Memorial Open A"]
[Site "Odessa UKR"]
[Date "2010.08.25"]
[Round "5"]
[White "Mirzoev,E"]
[Black "Reshetkov,K"]
[Result "0-1"]
[WhiteElo "2109"]
[BlackElo "2192"]

1.d4 d5 2.c4 Nc6 3.Nf3 Bg4 4.Nc3 e6 5.e3 Nf6 6.Be2 dxc4 7.Bxc4 Bd6 8.O-O O-O
9.h3 Bh5 10.Be2 a6 11.a3 Qe8 12.Nd2 Bxe2 13.Qxe2 e5 14.d5 Ne7 15.e4 b5 16.Nf3 Ng6
17.b4 Nh5 18.g3 h6 19.Ne1 Nf6 20.Nd3 Nd7 21.Qh5 c5 22.Be3 c4 23.Nc5 Qe7 24.Nxd7 Qxd7
25.f4 Nh8 26.fxe5 g6 27.e6 fxe6 28.Qxh6 Be5 29.Bd2 Bxg3 30.Qg5 Qd6 31.Be3 Qe5
32.dxe6 Qxg5 33.Bxg5 Be5 34.Rac1 Rxf1+ 35.Kxf1 Re8 36.Nd5 Rxe6 37.Re1 Nf7
38.Bd2 Bb2 39.Bc3 Bxc3 40.Nxc3 Ng5 41.Kg2 Rd6 42.Re2 Kg7 43.a4 a5 44.Nd5 Nxe4
45.Rxe4 Rxd5 46.axb5 axb4 47.Rxc4 Rxb5 48.Rc2 b3 49.Rb2 Kf6 50.Kg3 Ke5 51.Kg4 Kd4
52.h4 Kc3  0-1

[Event "6th Geller Memorial Open A"]
[Site "Odessa UKR"]
[Date "2010.08.27"]
[Round "7"]
[White "Fiodorov,M"]
[Black "Baranov,J"]
[Result "1-0"]
[WhiteElo "2176"]
[BlackElo "2142"]

1.d4 d5 2.c4 Nc6 3.cxd5 Qxd5 4.e3 e5 5.Nc3 Bb4 6.Bd2 Bxc3 7.bxc3 Nf6 8.f3 O-O
9.e4 Qd8 10.d5 Nxe4 11.fxe4 Qh4+ 12.Ke2 Qxe4+ 13.Kf2 Qxd5 14.Be3 Qa5 15.Qb3 e4
16.Ne2 Ne5 17.h3 Nd3+ 18.Kg1 Be6 19.Qc2 Qe5 20.g3 Rad8 21.Rb1 b6 22.Kh2 h5
23.h4 Bc4 24.Nf4 Qa5 25.Be2 g6 26.Kg2 Ne5 27.Bxc4 Nxc4 28.Rbe1 Rd6 29.Bc1 Re8
30.Re2 f5 31.Rd1 Red8 32.Rxd6 Rxd6 33.Qb3 Qa6 34.Rd2 Rxd2+ 35.Bxd2 Kh7 36.a4 e3
37.Be1 Qb7+ 38.Kg1 Qe4 39.Nh3 Kg7 40.Qd1 Ne5 41.Ng5 e2 42.Qd8 Nf3+ 43.Nxf3 Qxf3
44.Qxc7+ Kg8 45.Qf4  1-0

[Event "6th Geller Memorial Open A"]
[Site "Odessa UKR"]
[Date "2010.08.27"]
[Round "7"]
[White "Golovlev,N"]
[Black "Reshetkov,K"]
[Result "1/2-1/2"]
[WhiteElo "2318"]
[BlackElo "2192"]

1.d4 d5 2.c4 Nc6 3.Nc3 dxc4 4.d5 Na5 5.Qa4+ c6 6.b4 b5 7.Qxa5 Qxa5 8.bxa5 b4
9.Na4 cxd5 10.e4 e6 11.exd5 exd5 12.Be3 Nf6 13.Nf3 Bd6 14.Be2 O-O 15.O-O Re8
16.Bd1 Ne4 17.Bc2 Bd7 18.Rfd1 Red8 19.Rxd5 Be6 20.Rd4 Nf6 21.Rad1 Bc7 22.Rxd8+ Bxd8
23.a6 b3 24.axb3 cxb3 25.Bb1 Be7 26.Ne5 Ba3 27.Nc5 Bxc5 28.Bxc5 g6 29.Nc6 Nd5
30.Ne7+ Nxe7 31.Bxe7 Re8 32.Bf6 Bc4 33.g4 Bxa6 34.Rd7 Bc8 35.Rxa7 Re1+ 36.Kg2 Rxb1
37.Rc7 Bxg4 38.Re7 Kf8 39.Rb7 Rc1 40.Rxb3 Rc8 41.Rd3 Bf5 42.Rd8+ Rxd8 43.Bxd8 Ke8
44.Bc7 Kd7 45.Bb8 Ke6 46.f4 Be4+ 47.Kg3 Kf5 48.h4  1/2-1/2

[Event "17th Open A"]
[Site "Graz AUT"]
[Date "2010.09.01"]
[Round "5"]
[White "Huber,Martin Christian"]
[Black "Steininger,F"]
[Result "1-0"]
[WhiteElo "1951"]
[BlackElo "2129"]

1.d4 d5 2.c4 Nc6 3.Nc3 dxc4 4.Nf3 Bg4 5.e3 e6 6.Bxc4 Nf6 7.O-O Be7 8.b3 O-O
9.Bb2 a6 10.Rc1 Nb4 11.a3 Nbd5 12.Bd3 Bd6 13.Ne2 Nh5 14.Ne5 Bxe5 15.dxe5 Qg5
16.Qc2 Rad8 17.Bd4 Bxe2 18.Bxe2 Nhf4 19.Bf3 Ng6 20.Be4 b6 21.f4 Qe7 22.Bxd5 Rxd5
23.Qxc7 Qxa3 24.Qxb6 Rb5 25.Qc6 Qxb3 26.Qxa6 h5 27.Qc6 Rd5 28.Rc3 Qa2 29.Rd3 h4
30.Qc3 h3 31.Rd2 Qa8 32.e4 Rc8 33.Qxh3 Nxf4 34.Qe3  1-0

[Event "6th ch-EU"]
[Site "Arvier ITA"]
[Date "2010.09.05"]
[Round "2"]
[White "Jaracz,P"]
[Black "Barletta,M"]
[Result "1-0"]
[WhiteElo "2543"]
[BlackElo "2211"]

1.d4 d5 2.c4 Nc6 3.Nc3 Nf6 4.cxd5 Nxd5 5.Nf3 e5 6.dxe5 Bb4 7.Bd2 Nxc3 8.bxc3 Ba5
9.Qa4 O-O 10.e3 Qe7 11.Bb5 Qc5 12.Bxc6 bxc6 13.O-O Bb6 14.c4 a5 15.Bc3 Be6
16.Nd2 Rad8 17.Rac1 Rd3 18.Qc2 Rfd8 19.Bd4 R3xd4 20.exd4 Qxd4 21.Nf3 Qg4
22.Rfd1 Re8 23.c5 Ba7 24.Rd4 Qg6 25.Qxg6 hxg6 26.Ra4 Rd8 27.Rxa5 Bb8 28.h3  1-0

[Event "6th ch-EU"]
[Site "Arvier ITA"]
[Date "2010.09.07"]
[Round "4"]
[White "Llanes Hurtado,M"]
[Black "Barletta,M"]
[Result "1-0"]
[WhiteElo "2474"]
[BlackElo "2211"]

1.d4 d5 2.c4 Nc6 3.Nc3 Nf6 4.Nf3 Bf5 5.cxd5 Nxd5 6.Qb3 e6 7.e4 Nxc3 8.exf5 Nd5
9.Bd2 Rb8 10.fxe6 fxe6 11.Bb5 Be7 12.Ne5 O-O 13.Bxc6 bxc6 14.Qc2 Nb4 15.Qc4 Qxd4
16.Qxd4 Nc2+ 17.Kd1 Nxd4 18.Nd7 Rxb2 19.Nxf8 Bxf8 20.Bc3 Rb5 21.Bxd4 Rd5
22.Ke2 Rxd4 23.Rhd1 Rd5 24.Rac1 Ra5 25.Rd2 c5 26.Rc4 Bd6 27.a4 Ra6 28.Kd1 Kf7
29.h3 Rb6 30.Kc2 Ke7 31.Rd3 Rb8 32.Rb3 Rb4 33.Rbxb4 cxb4 34.Kb3 c5 35.Rg4 Be5
36.Kc4 Kd6 37.Rh4 h6 38.Rg4 Kc6 39.h4 Kd6 40.h5 Kc6 41.f4 Bf6 42.Rg6 Kd6
43.g4 Ke7 44.g5 hxg5 45.fxg5 Bd4 46.h6 gxh6 47.gxh6 Kf7 48.Rg2 a5 49.Rg3 Be5
50.h7 Bg7 51.Kxc5 e5 52.Kb5 e4 53.Kxa5  1-0

[Event "Open"]
[Site "Livigno ITA"]
[Date "2010.09.10"]
[Round "1"]
[White "Mlynek,P"]
[Black "Bove,A"]
[Result "0-1"]
[WhiteElo "2183"]
[BlackElo "2397"]

1.d4 d5 2.c4 Nc6 3.Nf3 Bg4 4.cxd5 Bxf3 5.gxf3 Qxd5 6.e3 e5 7.Nc3 Bb4 8.Bd2 Bxc3
9.bxc3 Qd6 10.Rb1 Rb8 11.f4 exf4 12.e4 Nge7 13.Qf3 Qa3 14.Bd3 O-O 15.O-O Ng6
16.e5 Qxa2 17.Bxf4 Qe6 18.Bg3 Nce7 19.Rxb7 Rxb7 20.Qxb7 Nd5 21.c4 Ndf4 22.Qe4 f5
23.exf6 Qxf6 24.Bxf4 Qxf4 25.Qd5+ Kh8 26.Bxg6 hxg6 27.f3 Rf5 28.Qe4 Qd2 29.Qh4+ Rh5
30.Qf2 Qd3 31.c5 a5 32.Re1 Kh7 33.Re5 a4 34.Kg2 a3 35.Qa2 Qc3 36.Rxh5+ gxh5
37.Qf7 Qd2+ 38.Kg3 Qg5+ 39.Kh3 Qf6  0-1

[Event "6th ch-EU"]
[Site "Arvier ITA"]
[Date "2010.09.11"]
[Round "8"]
[White "Marguerettaz,D"]
[Black "Barletta,M"]
[Result "0-1"]
[WhiteElo "2116"]
[BlackElo "2211"]

1.d4 d5 2.c4 Nc6 3.Nc3 Nf6 4.Nf3 Bf5 5.cxd5 Nxd5 6.Qb3 e6 7.e4 Nxc3 8.exf5 Nd5
9.fxe6 Bb4+ 10.Bd2 Bxd2+ 11.Nxd2 Nxd4 12.Qa4+ Nc6 13.Bb5 O-O 14.Bxc6 bxc6
15.exf7+ Rxf7 16.O-O Rb8 17.Qxa7 Rb4 18.Qc5 Rg4 19.f3 Rg6 20.Ne4 Nf4 21.Ng3 Rh6
22.Rfe1 Nh5 23.Red1 Rd6 24.Qc3 Kh8 25.Ne4 Rd5 26.Qxc6 Rfd7 27.Rf1 Qb8 28.Qe6 Nf4
29.Qg4 c5 30.Nxc5 h5 31.Qh4 Rxc5 32.Rad1 Rcd5 33.Rxd5 Rxd5 34.Qe7 Rd2 35.g3 Rg2+
36.Kh1 Rxh2+  0-1

[Event "EYCC Boys U12"]
[Site "Batumi GEO"]
[Date "2010.09.21"]
[Round "2"]
[White "Vialichka,Kiryl"]
[Black "Petrosyan,M"]
[Result "1/2-1/2"]
[WhiteElo "1773"]
[BlackElo "1990"]

1.d4 d5 2.c4 Nc6 3.Nc3 dxc4 4.e3 Bf5 5.Bxc4 e6 6.Nf3 Nf6 7.O-O Be7 8.Bd3 Bxd3
9.Qxd3 O-O 10.a3 Nb8 11.Rd1 Nbd7 12.Qb5 Qc8 13.b3 c5 14.Bb2 cxd4 15.Nxd4 Nc5
16.b4 Ncd7 17.Rac1 Qb8 18.Na4 a6 19.Qe2 Rc8 20.Rxc8+ Qxc8 21.Rc1 Qf8 22.Qf3 a5
23.bxa5 Bxa3 24.Qxb7 Bxb2 25.Qxb2 Rxa5 26.Nb6 Nc5 27.Qb4 Ra6 28.h3 Nd3 29.Qb5 Rxb6
30.Qxd3 Rd6 31.Qa3 h6  1/2-1/2

[Event "39th Olympiad Women"]
[Site "Khanty-Mansiysk RUS"]
[Date "2010.09.25"]
[Round "5"]
[White "Liu Yang"]
[Black "Vojinovic,J"]
[Result "0-1"]
[WhiteElo "2083"]
[BlackElo "2319"]

1.d4 d5 2.c4 Nc6 3.Nc3 Nf6 4.cxd5 Nxd5 5.e4 Nxc3 6.bxc3 e5 7.d5 Nb8 8.Nf3 Nd7
9.Bb5 Bd6 10.O-O O-O 11.Rb1 Nc5 12.Nd2 Qg5 13.Nb3 Qg6 14.Nxc5 Bxc5 15.Re1 f5
16.Be3 Bxe3 17.fxe3 fxe4 18.Bc4 Qd6 19.Qb3 b6 20.Be2 Bf5 21.Qc4 a5 22.Bd1 Rad8
23.Bc2 Rf7 24.Rbd1 Bg6 25.Bxe4 b5 26.Qd3 Bxe4 27.Qxe4 c6 28.Qb1 Rfd7 29.h3 a4
30.Kh1 cxd5 31.Qxb5 Qa3 32.Re2 Qxc3 33.Qxa4 Qc4 34.Qxc4 dxc4 35.Rxd7 Rxd7
36.Rc2 Rc7 37.Kg1 Kf7 38.Kf2 Ke6 39.e4 Kd6 40.Ke3 Kc5 41.a3 Rb7 42.Ra2 Rb3+
43.Ke2 Kd4 44.a4 c3 45.Kd1 Kd3 46.Kc1 Rb6 47.Rf2 Rb4 48.Rf3+ Kd4 49.Rf7 Rxa4
50.Rxg7 Ra1+ 51.Kc2 Ra2+ 52.Kd1 h6 53.h4 h5 54.Rg5 Rd2+ 55.Kc1 Re2 56.Rg3 Rxe4
57.Kc2 Re2+ 58.Kd1 Rd2+ 59.Kc1 e4 60.Rg8 e3 61.Rd8+ Ke4 62.Re8+ Kf4 63.g3+ Kf3
64.Rf8+ Kg2  0-1

[Event "21st Open"]
[Site "Goch GER"]
[Date "2010.10.03"]
[Round "6.61"]
[White "Schaar,A"]
[Black "Schuetzler,Bernd"]
[Result "1-0"]
[WhiteElo "1981"]
[BlackElo "1707"]

1.d4 d5 2.c4 Nc6 3.e3 e6 4.Nf3 Nf6 5.Nbd2 Bb4 6.Bd3 O-O 7.O-O Bxd2 8.Bxd2 dxc4
9.Bxc4 a6 10.Rc1 Ne7 11.Bd3 b6 12.Bb1 a5 13.Qc2 c6 14.e4 Nd7 15.Bg5 f6 16.Bf4 Ba6
17.Rfd1 Qe8 18.Bd6 Rc8 19.e5 f5 20.Ng5 Bb7 21.Nxe6 Rf7 22.Ng5 Rf8 23.Qb3+ Kh8
24.Qe6 Nd5 25.Bxf8 Qxe6 26.Nxe6 Nxf8 27.Bxf5 Re8 28.Nxf8 Rxf8 29.Be4 Nf4
30.Rd2 Nd5 31.Bxd5 cxd5 32.Rc7 Ba6 33.Rd7 Bc8 34.Rxd5 Be6 35.Rd6 Bxa2 36.Rxb6 h6
37.d5 Rd8 38.f4  1-0

[Event "Continental Class Ch"]
[Site "Arlington USA"]
[Date "2010.10.08"]
[Round "2"]
[White "Yang,Dar"]
[Black "Stripunsky,A"]
[Result "1/2-1/2"]
[WhiteElo "2402"]
[BlackElo "2583"]

1.d4 d5 2.c4 Nc6 3.Nc3 dxc4 4.d5 Ne5 5.Nf3 Nxf3+ 6.exf3 e6 7.Bxc4 Nf6 8.Bb5+ Bd7
9.dxe6 fxe6 10.Qe2 c6 11.Bc4 Qc7 12.Bxe6 O-O-O 13.Bxd7+ Rxd7 14.Be3 Bb4 15.O-O Bxc3
16.bxc3 Nd5 17.c4 Nxe3 18.fxe3 Rhd8 19.Rfd1 Qe5 20.e4 Qc5+ 21.Kf1 Rxd1+ 22.Rxd1 Rxd1+
23.Qxd1 Qxc4+ 24.Qe2 Qd4 25.f4 c5 26.g3 c4 27.e5 c3 28.Qc2 b5 29.e6 g6 30.f5 Qc4+
31.Ke1 gxf5 32.Qxf5 c2 33.Qf8+ Kb7 34.Qe7+ Qc7 35.Qxc7+ Kxc7 36.Kd2 Kd6 37.Kxc2 Kxe6
38.Kc3 Kf5 39.Kb4 Kg4 40.Kxb5 Kh3  1/2-1/2

[Event "Lichtenrader Herbst"]
[Site "Berlin GER"]
[Date "2010.10.18"]
[Round "3"]
[White "Graf,A"]
[Black "Jaeschke,J"]
[Result "1-0"]
[WhiteElo "2606"]
[BlackElo "2158"]

1.d4 d5 2.c4 Nc6 3.Nc3 dxc4 4.e3 e5 5.d5 Nce7 6.Bxc4 a6 7.a3 Ng6 8.Nge2 Bd6
9.O-O Qh4 10.Ba2 Nh6 11.Qa4+ Qxa4 12.Nxa4 Bd7 13.Nac3 f5 14.f3 O-O 15.Bd2 Ne7
16.Rac1 g5 17.Rfe1 Kg7 18.Nd1 Nf7 19.Nf2 h5 20.Nd3 c6 21.dxc6 Bxc6 22.Nc5 Kf6
23.Red1 Bxc5 24.Rxc5 Rad8 25.Bb3 h4 26.Kf2 Bd5 27.Bc2 Bc6 28.Bb4 Rxd1 29.Bxd1 Nd5
30.Ba5 g4 31.Bb3 Ne7 32.Bxf7 Rxf7 33.Bc3 Nd5 34.f4 Nxc3 35.fxe5+ Ke7 36.Rxc3 g3+
37.hxg3 hxg3+ 38.Nxg3 Ke6 39.Rc5 f4 40.Ne2 fxe3+ 41.Kxe3 Rg7 42.Nd4+ Kd7
43.e6+ Kc7 44.Nxc6  1-0

[Event "USCL"]
[Site "ICC INT"]
[Date "2010.10.18"]
[Round "9"]
[White "Kavutskiy,K"]
[Black "Lopez,Ne"]
[Result "0-1"]
[WhiteElo "2156"]
[BlackElo "2163"]

1.d4 d5 2.c4 Nc6 3.cxd5 Qxd5 4.e3 e5 5.Nc3 Bb4 6.Bd2 Bxc3 7.Bxc3 exd4 8.Ne2 Nge7
9.Nxd4 O-O 10.Nxc6 Qxc6 11.Qf3 Qxf3 12.gxf3 Be6 13.Bd3 f6 14.O-O Rfd8 15.Rfd1 Kf7
16.Kf1 Rxd3 17.Rxd3 Bc4 18.Ke2 Rd8 19.Rd1 Ng6 20.b3 Ba6 21.f4 Rd5 22.Bb2 Ke6
23.Bc1 f5 24.Bb2 Kf7 25.a4 c5 26.f3 Nh4 27.b4 Rxd3 28.Rxd3 cxb4 29.e4 Bxd3+
30.Kxd3 Nxf3 31.h3 fxe4+ 32.Kxe4 Ng1 33.h4 Ne2 34.a5 g6 35.Be5 Ke6 36.Kd3 Ng3
37.Kc4 Nf5 38.Kxb4 Nxh4 39.Bb8 a6 40.Kc5 Kd7 41.Kd5 Nf3 42.Ba7 h5 43.Ke4 Nd2+
44.Ke5 h4 45.Bf2 h3 46.Bg3 Nf1  0-1

[Event "14th Corsica Masters"]
[Site "Bastia FRA"]
[Date "2010.10.25"]
[Round "2"]
[White "Bluvshtein,M"]
[Black "Braeuning,R"]
[Result "1-0"]
[WhiteElo "2583"]
[BlackElo "2371"]

1.d4 d5 2.c4 Nc6 3.Nc3 dxc4 4.d5 Ne5 5.f4 Nd7 6.e4 Nb6 7.a4 a5 8.Be3 e6 9.Bxb6 cxb6
10.Bxc4 Bb4 11.Bb5+ Kf8 12.Nf3 Nf6 13.O-O Bxc3 14.bxc3 Nxe4 15.c4 exd5 16.cxd5 Bg4
17.Qd4 Bxf3 18.Rxf3 Qf6 19.Qxf6 gxf6 20.Rc1 Nd6 21.Rc7 Rd8 22.Bd7 Rg8 23.Rb3 b5
24.axb5 b6 25.Rbc3 Ne4 26.Re3 Nc5 27.Bc6 Kg7 28.Ree7 Rgf8 29.Kf2 f5 30.Kg3 Rd6
31.Kf3 Rh6 32.Be8 Rf6 33.d6 Rxd6 34.Bxf7 Kf6 35.Bc4 h6 36.Rh7 Kg6 37.Rcg7+ Kf6
38.Rg3 Rd4 39.Rxh6+ Ke7 40.Rg7+ Ke8 41.Rxb6  1-0

[Event "14th OIBM"]
[Site "Bad Wiessee GER"]
[Date "2010.11.01"]
[Round "4.28"]
[White "Hoffmann,Micha1"]
[Black "Schatz,D"]
[Result "1-0"]
[WhiteElo "2510"]
[BlackElo "2215"]

1.d4 d5 2.c4 Nc6 3.cxd5 Qxd5 4.e3 e5 5.Nc3 Bb4 6.Bd2 Bxc3 7.Bxc3 exd4 8.Ne2 Nf6
9.Nxd4 O-O 10.Nb5 Qg5 11.h4 Qh6 12.Nxc7 Bg4 13.Qd6 Rad8 14.Qg3 Ne4 15.Qxg4 Nxc3
16.bxc3 Qd6 17.Be2 Qd2+ 18.Kf1 Qxc3 19.Re1 Ne5 20.Nb5 Qxe1+ 21.Kxe1 Nxg4
22.Bxg4 Rd5 23.a4 a6 24.Nd4 Ra5 25.Bd1 b5 26.Nc6  1-0

[Event "Chigorin Mem Classic Open"]
[Site "St Petersburg RUS"]
[Date "2010.11.01"]
[Round "5"]
[White "Verzhansky,A"]
[Black "Ilhomzoda,I"]
[Result "1/2-1/2"]
[WhiteElo "2352"]
[BlackElo "2163"]

1.d4 d5 2.c4 Nc6 3.cxd5 Qxd5 4.Nf3 e5 5.Nc3 Bb4 6.dxe5 Qxd1+ 7.Kxd1 Bg4 8.Bf4 Nge7
9.h3 Bxf3 10.exf3 O-O-O+ 11.Kc1 Ng6 12.Be3 Ngxe5 13.a3 Ba5 14.f4 Ng6 15.Bc4 Nxf4
16.Bxf4 Rd4 17.Bxf7 Rxf4 18.Be6+ Kb8 19.f3 Nd4 20.Ba2 Re8 21.b4 Bb6 22.Ne4 Nxf3
23.gxf3 Bd4 24.Rb1 Rxf3 25.Nd2 Be3 26.Rh2 Bf4 27.Rg2 Rxh3 28.Kc2 g5 29.Rb3 Rxb3
30.Bxb3 Re3 31.Bf7 Rxa3 32.Ne4 h6 33.Nf6 Bd6 34.Ng4 h5 35.Re2 a5 36.Bxh5 axb4
37.Re3 Ra2+ 38.Kb3 Ra3+ 39.Kc4 Ra1 40.Nf6 c6 41.Re8+ Ka7 42.Ne4 b5+ 43.Kb3 Ra3+
44.Kb2 Bf4 45.Re6 Re3  1/2-1/2

[Event "16th Venetian Chess Autumn"]
[Site "Venice ITA"]
[Date "2010.11.01"]
[Round "5.13"]
[White "De Nisi,R"]
[Black "Vianello,E"]
[Result "0-1"]
[WhiteElo "1931"]
[BlackElo "2181"]

1.d4 d5 2.c4 Nc6 3.Nc3 dxc4 4.d5 Ne5 5.f4 Nd7 6.e4 Nb6 7.Be3 e6 8.Bxb6 axb6
9.Bxc4 Nf6 10.dxe6 Bxe6 11.Bxe6 Qxd1+ 12.Rxd1 fxe6 13.h3 Bb4 14.Ne2 Nxe4
15.O-O Nxc3 16.bxc3 Bc5+ 17.Kh2 Rxa2 18.Nd4 Bxd4 19.Rxd4 Ra5 20.Rfd1 Rd5
21.Rxd5 exd5 22.Rxd5 Ke7 23.Kg3 Rd8 24.Rxd8 Kxd8 25.Kf3 Ke7 26.Ke4 h5 27.g4 hxg4
28.hxg4 b5 29.Ke5 c5 30.Kd5 b6 31.Ke5 b4 32.cxb4 cxb4 33.Kd4 Kd6 34.Kc4 b3
35.Kxb3 Kd5 36.Kb4 Ke4 37.Kb5 Kxf4 38.g5 Kxg5 39.Kxb6 Kf4 40.Kc5 g5 41.Kd4 Kf3  0-1

[Event "14th OIBM"]
[Site "Bad Wiessee GER"]
[Date "2010.11.02"]
[Round "5.4"]
[White "Khenkin,I"]
[Black "Pirrot,D"]
[Result "1-0"]
[WhiteElo "2614"]
[BlackElo "2403"]

1.d4 d5 2.c4 Nc6 3.Nc3 dxc4 4.Nf3 Nf6 5.e4 Bg4 6.Be3 e6 7.Bxc4 Bb4 8.h3 Bh5
9.Qc2 Bg6 10.Bd3 Ba5 11.a3 O-O 12.Rd1 Qe7 13.O-O h6 14.d5 Nd8 15.e5 Nd7 16.Bxg6 fxg6
17.Qxg6 Bxc3 18.bxc3 exd5 19.Rxd5 Nc6 20.Bg5 Qf7 21.Qxf7+ Rxf7 22.e6 Rxf3
23.exd7 Rff8 24.Bh4  1-0

[Event "VII Open"]
[Site "Figueira da Foz POR"]
[Date "2010.11.02"]
[Round "4.13"]
[White "Babo,M"]
[Black "Bolhari,O"]
[Result "1/2-1/2"]
[WhiteElo "1925"]
[BlackElo "2152"]

1.d4 d5 2.c4 Nc6 3.Nf3 Bg4 4.Nc3 Bxf3 5.exf3 e6 6.cxd5 exd5 7.Bb5 Ne7 8.Bf4 a6
9.Ba4 Qd7 10.Rc1 Ng6 11.Be3 Bb4 12.O-O O-O 13.a3 Bxc3 14.Rxc3 Nge7 15.b4 Qd6
16.Qd3 Nd8 17.g3 Ne6 18.Re1 c6 19.Bc2 f5 20.Bb1 Rf7 21.f4 g6 22.Rc2 Re8 23.Rce2 Nc8
24.Bd2 Rfe7 25.b5 c5 26.dxc5 Nxc5 27.Rxe7 Rxe7 28.Qf1 Rxe1 29.Bxe1 Ne4 30.Bb4 Qb6
31.bxa6 bxa6 32.Ba2 Qd4 33.Be1 Qd1 34.Bb4 Qxf1+ 35.Kxf1 Nb6 36.f3 Nf6 37.Ke2 Kf7
38.Kd3 Ke6 39.Bb3 Ne8 40.Ba5 Nd7 41.Kd4 Nef6 42.Bc7 h5 43.h4 Nf8 44.a4 Kd7
45.Be5 Ne6+ 46.Kc3 d4+ 47.Bxd4 Ne8 48.Be5 Nc5 49.Bd1 Kc6 50.Kd4 Ne6+ 51.Ke3 Nc5
52.Bd4 Nd6 53.Kd2 Kd5 54.Be5 Nc4+ 55.Kc3 Ne3 56.Bb3+ Nxb3 57.Kxb3 a5 58.Kc3 Nc4
59.Bc7 Kc5 60.Bd8 Kd5 61.Bc7 Kc5  1/2-1/2

[Event "20th World Seniors"]
[Site "Arco ITA"]
[Date "2010.11.03"]
[Round "8"]
[White "Plachetka,J"]
[Black "Haubt,G"]
[Result "1/2-1/2"]
[WhiteElo "2345"]
[BlackElo "2224"]

1.d4 d5 2.c4 Nc6 3.cxd5 Qxd5 4.e3 e5 5.Nc3 Bb4 6.Bd2 Bxc3 7.Bxc3 exd4 8.Ne2 Nf6
9.Nxd4 O-O 10.Be2 Ne4 11.Nxc6 Qxc6 12.Bb4 Re8 13.O-O Qg6 14.Bf3 Bf5 15.Rc1 a5
16.Bc3 Rad8 17.Qa4 b6 18.Rfd1 Nc5 19.Qc6 Nd3 20.Ra1 Qxc6 21.Bxc6 Re6 22.Bb5 Red6
23.f3 Be6 24.e4 f6 25.b3 c6 26.Bc4 Bxc4 27.bxc4 Nc5 28.Rxd6 Rxd6 29.Rc1 Kf7
30.Kf1 Ke6 31.Ke2 Na4 32.Bd2 Rd7 33.Rc2 Ra7 34.Be3 Rd7 35.Bd2 Ra7 36.g4 g6
37.Ke3 Nc5 38.Bc3 Rd7 39.Bd4 Na4 40.Rd2 Rb7 41.h4 c5 42.Ba1 b5 43.cxb5 Rxb5
44.Rc2 Rb1 45.Rc4 Rb4 46.Kd3 f5 47.a3 fxe4+ 48.fxe4 Rb3+ 49.Kc2 Rxa3 50.Bg7 Kd6
51.Bh6 Kc6 52.e5 Kd5 53.Rf4 c4 54.e6 Ra2+ 55.Kc1 Re2 56.Rf7 Rxe6 57.Rxh7 Nc5
58.Ra7 Kd4 59.Bg7+ Kd3 60.Rc7 Nb3+ 61.Kb2 Re4 62.Rd7+ Ke2 63.h5 Rxg4 64.h6 Rh4
65.Kc3 Nc5 66.Re7+ Kf3 67.Bd4 Ne4+ 68.Kxc4 Nd6+ 69.Kc5 Nf5 70.Rf7 Rxh6 71.Bc3 Rh5
72.Bxa5 Kg4 73.Kb4 Rh1  1/2-1/2

[Event "VII Open"]
[Site "Figueira da Foz POR"]
[Date "2010.11.04"]
[Round "6.15"]
[White "Pinto,PedroM"]
[Black "Bolhari,O"]
[Result "1/2-1/2"]
[WhiteElo "1892"]
[BlackElo "2152"]

1.d4 d5 2.c4 Nc6 3.Nc3 dxc4 4.d5 Na5 5.g3 Bd7 6.Nf3 e6 7.Ne5 Bb4 8.Bg2 Ne7
9.dxe6 fxe6 10.O-O Bc6 11.Nxc6 Qxd1 12.Rxd1 Naxc6 13.Bf4 e5 14.Be3 O-O 15.Bh3 Nf5
16.Nd5 Bd6 17.Bxf5 Rxf5 18.Rac1 b5 19.Nc3 a6 20.Ne4 Rd8 21.b3 Nb4 22.bxc4 Nxa2
23.Ra1 Nb4 24.Bc5 Nc2 25.Rxa6 bxc4 26.Nxd6 cxd6 27.Raxd6 Rxd6 28.Rxd6 e4
29.Rc6 Rd5 30.e3 h5 31.Kf1 Kf7 32.Rc7+ Ke6 33.Bf8 Rf5 34.Bxg7 Kd6 35.Rc8 Kd7
36.Ra8 Nxe3+ 37.Ke2 Ng4 38.Bd4 Rd5 39.h3 Rxd4 40.hxg4 hxg4 41.Ke3 Rd3+ 42.Kxe4 Rf3
43.Ra4 c3 44.Rc4 Ke6 45.Rc6+ Kf7 46.Kd4 Rxf2 47.Rxc3 Kg6 48.Ke4 Kg5 49.Rc5+ Kg6
50.Rc6+  1/2-1/2

[Event "Chigorin Mem Classic Open"]
[Site "St Petersburg RUS"]
[Date "2010.11.04"]
[Round "8"]
[White "Malygin,Ar"]
[Black "Pankov,Ger"]
[Result "0-1"]
[WhiteElo "2199"]
[BlackElo "2350"]

1.d4 d5 2.c4 Nc6 3.Nf3 Bg4 4.cxd5 Bxf3 5.gxf3 Qxd5 6.e3 e5 7.Nc3 Bb4 8.a3 Bxc3+
9.bxc3 exd4 10.cxd4 Nf6 11.Bg2 Qc4 12.Bb2 Rd8 13.Qe2 Qxe2+ 14.Kxe2 Ne7 15.Rhc1 c6
16.f4 h5 17.a4 h4 18.h3 Nfd5 19.Ba3 Kd7 20.Rab1 Kc7 21.Rb3 Rd7 22.Be4 Rh5
23.Rcb1 Kb8 24.Bf3 Rh6 25.Bc1 f5 26.Ba3 Re6 27.Kf1 Nf6 28.Bxe7 Rdxe7 29.Be2 Ne4
30.R1b2 Kc8 31.a5 Rf6 32.Bf3 g5 33.Bxe4 fxe4 34.fxg5 Rf5 35.a6 b6 36.Rc2 Kd7
37.g6 Rg5 38.Rbc3 Rxg6 39.Rc4 Rd6 40.Rc1 Rf6 41.R1c2 Kc7 42.Ke1 Rg6 43.Kf1 Rd6
44.Ke2 Ree6 45.Rc1 b5 46.Rc5 Kb6 47.R5c2 Rg6 48.Ra2 Rd5 49.Rb2 Rf5 50.Kf1 Rfg5
51.Ke2 Rf6 52.Rbc2 Rg2 53.Kf1 Rh2 54.Kg1 Rxh3 55.Kg2 Rhf3 56.d5 cxd5 57.Rb1 h3+
58.Kg1 h2+ 59.Kh1 Rg6 60.Re2 Rf5  0-1

[Event "20th World Seniors"]
[Site "Arco ITA"]
[Date "2010.11.05"]
[Round "10"]
[White "Garcia,Rai"]
[Black "Acers,J"]
[Result "1-0"]
[WhiteElo "2331"]
[BlackElo "2231"]

1.d4 d5 2.c4 Nc6 3.Nc3 dxc4 4.Nf3 a6 5.d5 Na5 6.Qa4+ c6 7.b4 cxb3 8.axb3 e6
9.Bd2 Nxb3 10.Qxb3 exd5 11.e4 d4 12.Bc4 Be6 13.Bxe6 fxe6 14.Qxb7 Ne7 15.Nxd4 Rb8
16.Qa7 Qb6 17.Rxa6 Qxa7 18.Rxa7 e5 19.Ne6 Kf7 20.Ng5+ Kf6 21.h4 h6 22.Rh3 hxg5
23.hxg5+ Ke6 24.Rxh8 Ng6 25.Rh3 Nf4 26.Bxf4 exf4 27.Rd3 Rb3 28.Rc7 Bb4 29.Rxc6+ Kf7
30.g6+ Ke7 31.Ke2  1-0

[Event "Chigorin Mem Classic Open"]
[Site "St Petersburg RUS"]
[Date "2010.11.05"]
[Round "9"]
[White "Bazeev,G"]
[Black "Ilhomzoda,I"]
[Result "1-0"]
[WhiteElo "2348"]
[BlackElo "2163"]

1.d4 d5 2.c4 Nc6 3.e3 e5 4.cxd5 Qxd5 5.Nc3 Bb4 6.Bd2 Bxc3 7.bxc3 Nge7 8.c4 Qd6
9.d5 Nb8 10.e4 Na6 11.Nf3 f5 12.exf5 Bxf5 13.Be2 O-O 14.O-O Ng6 15.g3 Nc5
16.Be3 e4 17.Nd4 Bh3 18.Re1 a6 19.Nb3 Nd3 20.Bxd3 exd3 21.f4 Qd7 22.Nc5 Qf5
23.Qxd3 Qh5 24.Bd2 Rf6 25.Ne4 Rff8 26.Nf2 Bf5 27.Qe2 Qxe2 28.Rxe2 h5 29.Rae1 Rad8
30.h3 b5 31.g4 hxg4 32.hxg4 Nh4 33.Re3 Bc8 34.f5 bxc4 35.Bc3 Rxd5 36.Re8 Kh7
37.R1e7 Bb7 38.Rxg7+ Kh8  1-0

[Event "FSIM November"]
[Site "Budapest HUN"]
[Date "2010.11.06"]
[Round "1"]
[White "Biro,D"]
[Black "Lyell,M"]
[Result "1/2-1/2"]
[WhiteElo "2211"]
[BlackElo "2210"]

1.d4 d5 2.c4 Nc6 3.cxd5 Qxd5 4.e3 e5 5.Nc3 Bb4 6.Bd2 Bxc3 7.Bxc3 exd4 8.Nf3 Bg4
9.Be2 O-O-O 10.Nxd4 Bxe2 11.Qxe2 Qxg2 12.Qf3 Qxf3 13.Nxf3 f6 14.Rg1 Rd7 15.Ke2 Rf7
16.h4 Nge7 17.h5 Nd5 18.Nh4 Re8 19.Ng2 Nxc3+ 20.bxc3 Rd7 21.Nf4 Ne5 22.Rad1 Rxd1
23.Kxd1 Re7 24.Kc2 c6 25.Ne2 c5 26.Nf4 f5 27.Rg5 g6 28.hxg6 hxg6 29.Rg2 Rh7
30.Nxg6 Nxg6 31.Rxg6 Rh2 32.Kb3 Rxf2 33.Rg7 a6 34.a4 Kb8 35.Re7 Ka7 36.a5 f4
37.exf4 Rxf4 38.Re5 b5 39.Rxc5 Ra4 40.c4 Rxa5 41.cxb5 axb5 42.Rc6 Ra4 43.Rh6 Kb7
44.Rg6 Rh4 45.Rf6  1/2-1/2

[Event "FSGM November"]
[Site "Budapest HUN"]
[Date "2010.11.07"]
[Round "2"]
[White "Hoang Thanh Trang"]
[Black "Del Monaco,A"]
[Result "1/2-1/2"]
[WhiteElo "2473"]
[BlackElo "2285"]

1.d4 d5 2.c4 Nc6 3.cxd5 Qxd5 4.e3 e5 5.Nc3 Bb4 6.Bd2 Bxc3 7.bxc3 Nf6 8.Qb3 Qd6
9.Bc1 exd4 10.cxd4 Be6 11.Qa4 Qb4+ 12.Qxb4 Nxb4 13.Rb1 Nxa2 14.Bd2 a5 15.Rxb7 O-O
16.Nf3 c5 17.dxc5 Ne4 18.c6 Nb4 19.Nd4 Bd5 20.Rb6 Rfc8 21.Bb5 Nd6 22.c7 Nxb5
23.Nxb5 Bc4 24.Nd6 Rxc7 25.Bxb4 axb4 26.Nxc4 Rxc4 27.O-O g6  1/2-1/2

[Event "TCh-SUI 2010"]
[Site "Switzerland SUI"]
[Date "2010.11.07"]
[Round "9.1"]
[White "Cvitan,O"]
[Black "Miralles,G"]
[Result "1/2-1/2"]
[WhiteElo "2554"]
[BlackElo "2469"]

1.d4 d5 2.c4 Nc6 3.Nc3 Nf6 4.Nf3 e6 5.Bg5 Bb4 6.e3 h6 7.Bxf6 Qxf6 8.Rc1 O-O
9.a3 Bxc3+ 10.Rxc3 Rd8 11.cxd5 exd5 12.Be2 Bf5 13.O-O Qd6 14.Qb3 Rab8 15.Rfc1 Ne7
16.Qd1 c6 17.Ne5 f6 18.Nf3 Bg4 19.Nd2 Bxe2 20.Qxe2 Nc8 21.Nb3 Qe7 22.Nc5  1/2-1/2